Vegetables and herbs (Record no. 81228)

MARC details
000 -LEADER
fixed length control field 00785nam a22002657a 4500
003 - CONTROL NUMBER IDENTIFIER
control field CBULib
005 - DATE AND TIME OF LATEST TRANSACTION
control field 20230803083154.0
008 - FIXED-LENGTH DATA ELEMENTS--GENERAL INFORMATION
fixed length control field 230516b |||||||| |||| 00| 0 eng d
020 ## - INTERNATIONAL STANDARD BOOK NUMBER
International Standard Book Number 9781785945205
040 ## - CATALOGING SOURCE
Original cataloging agency CBULib
Transcribing agency CBULib
Language of cataloging English
Description conventions rda
041 ## - LANGUAGE CODE
Language code of text/sound track or separate title eng
Language code of accompanying material other than librettos eng
050 ## - LIBRARY OF CONGRESS CALL NUMBER
Classification number SB 324.3 Tit
100 1# - MAIN ENTRY--PERSONAL NAME
Personal name Titchmarsh, Alan
9 (RLIN) 387
245 ## - TITLE STATEMENT
Title Vegetables and herbs
Statement of responsibility, etc / by Alan Titchmarsh
260 ## - PUBLICATION, DISTRIBUTION, ETC. (IMPRINT)
Name of publisher, distributor, etc BBC Books,
Date of publication, distribution, etc 2009
Place of publication, distribution, etc London,
300 ## - PHYSICAL DESCRIPTION
Extent 144 pages : illustrations (colour)
Dimensions 24 cm
336 ## - CONTENT TYPE
Source rdacontent
Content type term Text |
Content type code txt
337 ## - MEDIA TYPE
Source rdamedia
Media type term Unmediated |
Media type code n
338 ## - CARRIER TYPE
Source rdacarrier
Carrier type term Volume
Carrier type code nc
490 ## - SERIES STATEMENT
Series statement Alan Titchmarsh how to garden
504 ## - BIBLIOGRAPHY, ETC. NOTE
Bibliography, etc Includes index.
650 #0 - SUBJECT ADDED ENTRY--TOPICAL TERM
9 (RLIN) 389
Topical term or geographic name as entry element VEGETABLE GARDENING
650 #0 - SUBJECT ADDED ENTRY--TOPICAL TERM
9 (RLIN) 390
Topical term or geographic name as entry element HERB GARDENING
942 ## - ADDED ENTRY ELEMENTS (KOHA)
Koha item type MONOGRAPH
Source of classification or shelving scheme
Holdings
Withdrawn status Lost status Source of classification or shelving scheme Damaged status Not for loan Collection code Permanent Location Current Location Shelving location Date acquired Source of acquisition Cost, normal purchase price Full call number Barcode Date last seen Copy number Cost, replacement price Price effective from Koha item type
          Main Library Open Access Collection CBU-MAIN LIBRARY, KITWE. CBU-MAIN LIBRARY, KITWE. General Stacks 05/04/2023 DON- BOOKAID 68.00 SB 324.3 Tit 752092 05/04/2023 1 81.60 05/04/2023 MONOGRAPH
          Main Library Open Access Collection CBU-MAIN LIBRARY, KITWE. CBU-MAIN LIBRARY, KITWE. General Stacks 05/04/2023 DON-BOOKAID 68.00 SB 324.3 Tit 752093 05/04/2023 2 81.60 05/04/2023 MONOGRAPH